16932 2207237 4500001002100000005001500021035002000036007000300056008004100059082001200100084002400112100001500136245006200151260002600213990001600239990001600255990001600271990001600287990001600303990001600319990001600335990001600351990001600367990001600383990001600399990001600415990001600431990001600447990001600463990001600479990001600495990001600511990001600527990001600543990001600559990001600575990001600591990001600607990001600623990001600639990001600655990001600671990001600687990001600703990001600719990001600735990001600751990001600767990001600783990001600799990001600815990001600831990001600847990001600863990001600879990001600895990001600911990001600927990001600943990001600959990001600975990001600991990001601007990001601023990001601039990001601055990001601071990001601087990001601103990001601119990001601135990001601151990001601167990001601183990001601199990001601215990001601231990001601247990001601263990001601279990001601295990001601311990001601327990001601343990001601359990001601375990001601391990001601407990001601423990001601439990001601455990001601471990001601487990001601503990001601519990001601535990001601551990001601567990001601583990001601599990001601615990001601631990001601647990001601663990001601679990001601695990001601711990001601727990001601743990001601759990001601775990001601791990001601807990001601823990001601839990001601855990001601871990001601887990001601903990001601919990001601935990001601951990001601967990001601983990001601999990001602015990001602031990001602047990001602063990001602079990001602095990001602111990001602127990001602143990001602159990001602175990001602191990001602207990001602223990001602239990001602255990001602271990001602287990001602303990001602319990001602335990001602351990001602367990001602383990001602399990001602415990001602431990001602447990001602463990001602479990001502495990001602510990001602526990001602542990001602558990001602574990001602590990001602606990001602622990001602638990001602654990001602670990001602686990001602702990001602718990001602734990001602750990001602766990001602782990001602798990001602814990001602830990001602846990001602862990001602878990001602894990001602910990001602926990001602942990001602958990001602974990001602990990001603006990001603022990001603038990001603054990001603070990001603086990001603102990001603118990001603134990001603150990001603166990001603182990001603198990001603214990001603230990001603246990001603262990001603278990001603294990001603310990001603326990001603342990001603358990001603374990001603390990001603406990001603422990001603438990001603454990001603470990001603486990001603502990001603518990001603534990001603550990001603566990001603582990001603598990001603614990001603630990001603646990001603662990001603678990001603694990001603710990001603726990001603742990001603758990001603774990001603790990001603806990001603822990001603838990001603854990001603870990001603886990001603902990001603918990001603934990001603950990001603966990001603982990001603998990001604014990001604030990001604046990001604062990001604078990001604094990001604110990001604126990001604142990001604158990001604174990001604190990001604206990001604222990001604238990001604254990001604270990001604286990001604302990001604318990001604334990001604350990001604366990001604382990001604398990001604414990001604430990001604446990001604462990001604478990001604494990001604510990001604526990001604542990001604558990001604574990001604590990001604606990001604622990001604638990001604654990001604670990001604686990001604702990001604718990001604734990001604750990001604766990001604782990001604798990001604814990001604830990001604846990001604862990001604878990001604894990001604910990001604926990001604942990001604958990001604974990001604990990001605006990001605022990001605038990001605054990001605070990001605086990001605102990001605118990001605134990001605150990001605166990001605182990001605198990001605214990001605230990001605246990001605262990001605278990001605294990001605310990001605326990001605342990001605358990001605374990001605390990001605406990001605422990001605438990001605454990001605470990001605486990001605502990001605518990001605534990001605550990001605566990001605582990001605598990001605614990001605630990001605646990001605662990001605678990001605694990001605710990001605726990001605742990001605758990001605774990001605790990001605806990001605822990001605838990001605854990001605870990001605886990001605902990001605918990001605934990001605950990001605966990001605982990001605998990001606014990001606030990001606046990001606062990001606078990001606094990001606110990001606126990001606142990001606158990001606174990001606190990001606206990001606222990001606238990001606254990001606270990001606286990001606302990001606318990001606334990001606350990001606366990001606382990001606398990001606414990001606430990001606446990001606462990001606478990001606494990001606510990001606526990001606542990001606558990001606574990001606590990001606606990001606622990001606638990001606654990001606670990001606686990001606702990001606718990001606734990001606750990001606766990001606782990001606798990001606814990001606830990001606846990001606862990001606878990001606894990001606910990001606926990001606942990001606958990001606974990001606990990001607006990001607022990001607038990001607054990001607070990001607086990001607102990001607118990001607134990001607150990001607166990001607182990001607198990001607214990001607230990001607246990001607262990001607278990001607294990001607310990001607326990001607342990001607358990001607374990001607390990001607406990001607422990001607438990001607454990001607470990001607486990001607502990001607518990001607534990001607550990001607566990001607582990001607598990001607614990001607630990001607646990001607662990001607678990001607694990001607710990001607726990001607742990001607758990001607774990001607790990001607806990001607822990001607838990001607854990001607870990001607886990001607902990001607918990001607934990001607950990001607966990001607982990001607998990001608014990001608030990001608046990001608062990001608078990001608094990001608110990001608126990001608142990001608158990001608174990001608190990001608206990001608222990001608238990001608254990001608270990001608286990001608302990001608318990001608334990001608350990001608366990001608382990001608398990001608414990001608430990001608446990001608462990001608478990001608494990001608510990001608526990001608542990001608558990001608574990001608590990001608606990001608622990001608638990001608654990001608670990001608686990001608702990001608718990001608734990001608750990001608766990001608782990001608798990001608814990001608830990001608846990001608862990001608878990001608894990001608910990001608926990001608942990001608958990001608974990001608990990001609006990001609022990001609038990001609054990001609070990001609086990001609102990001609118990001609134990001609150990001609166990001609182990001609198990001609214990001609230990001609246990001609262990001609278990001609294990001609310990001609326990001609342990001609358990001609374990001609390990001609406990001609422990001609438990001609454990001609470990001609486990001609502990001609518990001609534990001609550990001609566990001609582990001609598990001609614990001609630990001609646990001609662990001609678INLIS00000000000042420210508114635 a0010-0421000424ta210508 g 0 ind  a297.269 a297.269 KEM s.c.1970 aKemenag RI1 aSejarah Kebudayaan Islam untuk MA IPA,IPS, Bahasa Kelas X aJakarta :bKemenag RI a2017/h/1392 a2017/h/1393 a2017/h/1394 a2017/h/1395 a2017/h/1396 a2017/h/1397 a2017/h/1398 a2017/h/1399 a2017/h/1400 a2017/h/1401 a2017/h/1402 a2017/h/1403 a2017/h/1404 a2017/h/1405 a2017/h/1406 a2017/h/1407 a2017/h/1408 a2017/h/1409 a2017/h/1410 a2017/h/1411 a2017/h/1412 a2017/h/1413 a2017/h/1414 a2017/h/1415 a2017/h/1416 a2017/h/1417 a2017/h/1418 a2017/h/1419 a2017/h/1420 a2017/h/1421 a2017/h/1422 a2017/h/1423 a2017/h/1424 a2017/h/1425 a2017/h/1426 a2017/h/1427 a2017/h/1428 a2017/h/1429 a2017/h/1430 a2017/h/1431 a2017/h/1432 a2017/h/1433 a2017/h/1434 a2017/h/1435 a2017/h/1436 a2017/h/1437 a2017/h/1438 a2017/h/1439 a2017/h/1440 a2017/h/1441 a2017/h/1442 a2017/h/1443 a2017/h/1444 a2017/h/1445 a2017/h/1446 a2017/h/1447 a2017/h/1448 a2017/h/1449 a2017/h/1450 a2017/h/1451 a2017/h/1452 a2017/h/1453 a2017/h/1454 a2017/h/1455 a2017/h/1456 a2017/h/1457 a2017/h/1458 a2017/h/1459 a2017/h/1460 a2017/h/1461 a2017/h/1462 a2017/h/1463 a2017/h/1464 a2017/h/1465 a2017/h/1466 a2017/h/1467 a2017/h/1468 a2017/h/1469 a2017/h/1470 a2017/h/1471 a2017/h/1472 a2017/h/1473 a2017/h/1474 a2017/h/1475 a2017/h/1476 a2017/h/1477 a2017/h/1478 a2017/h/1479 a2017/h/1480 a2017/h/1481 a2017/h/1482 a2017/h/1483 a2017/h/1484 a2017/h/1485 a2017/h/1486 a2017/h/1487 a2017/h/1488 a2017/h/1489 a2017/h/1490 a2017/h/1491 a2017/h/1492 a2017/h/1493 a2017/h/1494 a2017/h/1495 a2017/h/1496 a2017/h/1497 a2017/h/1498 a2017/h/1499 a2017/h/1500 a2017/h/1501 a2017/h/1502 a2017/h/1503 a2017/h/1504 a2017/h/1505 a2017/h/1506 a2017/h/1507 a2017/h/1508 a2017/h/1509 a2017/h/1510 a2017/h/1511 a2017/h/1512 a2017/h/1513 a2017/h/1514 a2017/h/1515 a2017/h/1516 a2017/h/1517 a2017/h/1518 a2017/h/1519 a2017/h/1520 a2017/h/1521 a2017/h/1522 a2017/h/1523 a2017/h/1524 a2017/h/1525 a2017/h/1526 a2017/h/1527 a2017/h/1528 a2017/h/1529 a2017/h/1530 a2017/h/1531 a2017/h/1532 a2017/h/533 a2017/h/1534 a2017/h/1535 a2017/h/1536 a2017/h/1537 a2017/h/1538 a2017/h/1539 a2017/h/1540 a2017/h/1541 a2017/h/1542 a2017/h/1543 a2017/h/1544 a2017/h/1545 a2017/h/1546 a2017/h/1547 a2017/h/1548 a2017/h/1549 a2017/h/1550 a2017/h/1551 a2017/h/1552 a2017/h/1553 a2017/h/1554 a2017/h/1555 a2017/h/1556 a2017/h/1557 a2017/h/1558 a2017/h/1559 a2017/h/1560 a2017/h/1561 a2017/h/1562 a2017/h/1563 a2017/h/1564 a2017/h/1565 a2017/h/1567 a2017/h/1568 a2017/h/1569 a2017/h/1570 a2017/h/1571 a2017/h/1572 a2017/h/1573 a2017/h/1574 a2017/h/1575 a2017/h/1576 a2017/h/1577 a2017/h/1578 a2017/h/1579 a2017/h/1580 a2017/h/1581 a2017/h/1582 a2017/h/1583 a2017/h/1584 a2017/h/1585 a2017/h/1586 a2017/h/1587 a2017/h/1588 a00000006319 a2017/h/1533 a2017/h/1392 a2017/h/1393 a2017/h/1394 a2017/h/1395 a2017/h/1396 a2017/h/1397 a2017/h/1398 a2017/h/1399 a2017/h/1400 a2017/h/1401 a2017/h/1402 a2017/h/1403 a2017/h/1404 a2017/h/1405 a2017/h/1406 a2017/h/1407 a2017/h/1408 a2017/h/1409 a2017/h/1410 a2017/h/1411 a2017/h/1412 a2017/h/1413 a2017/h/1414 a2017/h/1415 a2017/h/1416 a2017/h/1417 a2017/h/1418 a2017/h/1419 a2017/h/1420 a2017/h/1421 a2017/h/1422 a2017/h/1423 a2017/h/1424 a2017/h/1425 a2017/h/1426 a2017/h/1427 a2017/h/1428 a2017/h/1429 a2017/h/1430 a2017/h/1431 a2017/h/1432 a2017/h/1433 a2017/h/1434 a2017/h/1435 a2017/h/1436 a2017/h/1437 a2017/h/1438 a2017/h/1439 a2017/h/1440 a2017/h/1441 a2017/h/1442 a2017/h/1443 a2017/h/1444 a2017/h/1445 a2017/h/1446 a2017/h/1447 a2017/h/1448 a2017/h/1449 a2017/h/1450 a2017/h/1451 a2017/h/1452 a2017/h/1453 a2017/h/1454 a2017/h/1455 a2017/h/1456 a2017/h/1457 a2017/h/1458 a2017/h/1459 a2017/h/1460 a2017/h/1461 a2017/h/1462 a2017/h/1463 a2017/h/1464 a2017/h/1465 a2017/h/1466 a2017/h/1467 a2017/h/1468 a2017/h/1469 a2017/h/1470 a2017/h/1471 a2017/h/1472 a2017/h/1473 a2017/h/1474 a2017/h/1475 a2017/h/1476 a2017/h/1477 a2017/h/1478 a2017/h/1479 a2017/h/1480 a2017/h/1481 a2017/h/1482 a2017/h/1483 a2017/h/1484 a2017/h/1485 a2017/h/1486 a2017/h/1487 a2017/h/1488 a2017/h/1489 a2017/h/1490 a2017/h/1491 a2017/h/1492 a2017/h/1493 a2017/h/1494 a2017/h/1495 a2017/h/1496 a2017/h/1497 a2017/h/1498 a2017/h/1499 a2017/h/1500 a2017/h/1501 a2017/h/1502 a2017/h/1503 a2017/h/1504 a2017/h/1505 a2017/h/1506 a2017/h/1507 a2017/h/1508 a2017/h/1509 a2017/h/1510 a2017/h/1511 a2017/h/1512 a2017/h/1513 a2017/h/1514 a2017/h/1515 a2017/h/1516 a2017/h/1517 a2017/h/1518 a2017/h/1519 a2017/h/1520 a2017/h/1521 a2017/h/1522 a2017/h/1523 a2017/h/1524 a2017/h/1525 a2017/h/1526 a2017/h/1527 a2017/h/1528 a2017/h/1529 a2017/h/1530 a2017/h/1531 a2017/h/1532 a2017/h/1534 a2017/h/1535 a2017/h/1536 a2017/h/1537 a2017/h/1538 a2017/h/1539 a2017/h/1540 a2017/h/1541 a2017/h/1542 a2017/h/1543 a2017/h/1544 a2017/h/1545 a2017/h/1546 a2017/h/1547 a2017/h/1548 a2017/h/1549 a2017/h/1550 a2017/h/1551 a2017/h/1552 a2017/h/1553 a2017/h/1554 a2017/h/1555 a2017/h/1556 a2017/h/1557 a2017/h/1558 a2017/h/1559 a2017/h/1560 a2017/h/1561 a2017/h/1562 a2017/h/1563 a2017/h/1564 a2017/h/1565 a2017/h/1567 a2017/h/1568 a2017/h/1569 a2017/h/1570 a2017/h/1571 a2017/h/1572 a2017/h/1573 a2017/h/1574 a2017/h/1575 a2017/h/1576 a2017/h/1577 a2017/h/1578 a2017/h/1579 a2017/h/1580 a2017/h/1581 a2017/h/1582 a2017/h/1583 a2017/h/1584 a2017/h/1585 a2017/h/1586 a2017/h/1587 a2017/h/1588 a00000006319 a2017/h/1566 a2017/h/1392 a2017/h/1393 a2017/h/1394 a2017/h/1395 a2017/h/1396 a2017/h/1397 a2017/h/1398 a2017/h/1399 a2017/h/1400 a2017/h/1401 a2017/h/1402 a2017/h/1403 a2017/h/1404 a2017/h/1405 a2017/h/1406 a2017/h/1407 a2017/h/1408 a2017/h/1409 a2017/h/1410 a2017/h/1411 a2017/h/1412 a2017/h/1413 a2017/h/1414 a2017/h/1415 a2017/h/1416 a2017/h/1417 a2017/h/1418 a2017/h/1419 a2017/h/1420 a2017/h/1421 a2017/h/1422 a2017/h/1423 a2017/h/1424 a2017/h/1425 a2017/h/1426 a2017/h/1427 a2017/h/1428 a2017/h/1429 a2017/h/1430 a2017/h/1431 a2017/h/1432 a2017/h/1433 a2017/h/1434 a2017/h/1435 a2017/h/1436 a2017/h/1437 a2017/h/1438 a2017/h/1439 a2017/h/1440 a2017/h/1441 a2017/h/1442 a2017/h/1443 a2017/h/1444 a2017/h/1445 a2017/h/1446 a2017/h/1447 a2017/h/1448 a2017/h/1449 a2017/h/1450 a2017/h/1451 a2017/h/1452 a2017/h/1453 a2017/h/1454 a2017/h/1455 a2017/h/1456 a2017/h/1457 a2017/h/1458 a2017/h/1459 a2017/h/1460 a2017/h/1461 a2017/h/1462 a2017/h/1463 a2017/h/1464 a2017/h/1465 a2017/h/1466 a2017/h/1467 a2017/h/1468 a2017/h/1469 a2017/h/1470 a2017/h/1471 a2017/h/1472 a2017/h/1473 a2017/h/1474 a2017/h/1475 a2017/h/1476 a2017/h/1477 a2017/h/1478 a2017/h/1479 a2017/h/1480 a2017/h/1481 a2017/h/1482 a2017/h/1483 a2017/h/1484 a2017/h/1485 a2017/h/1486 a2017/h/1487 a2017/h/1488 a2017/h/1489 a2017/h/1490 a2017/h/1491 a2017/h/1492 a2017/h/1493 a2017/h/1494 a2017/h/1495 a2017/h/1496 a2017/h/1497 a2017/h/1498 a2017/h/1499 a2017/h/1500 a2017/h/1501 a2017/h/1502 a2017/h/1503 a2017/h/1504 a2017/h/1505 a2017/h/1506 a2017/h/1507 a2017/h/1508 a2017/h/1509 a2017/h/1510 a2017/h/1511 a2017/h/1512 a2017/h/1513 a2017/h/1514 a2017/h/1515 a2017/h/1516 a2017/h/1517 a2017/h/1518 a2017/h/1519 a2017/h/1520 a2017/h/1521 a2017/h/1522 a2017/h/1523 a2017/h/1524 a2017/h/1525 a2017/h/1526 a2017/h/1527 a2017/h/1528 a2017/h/1529 a2017/h/1530 a2017/h/1531 a2017/h/1532 a2017/h/1533 a2017/h/1534 a2017/h/1535 a2017/h/1536 a2017/h/1537 a2017/h/1538 a2017/h/1539 a2017/h/1540 a2017/h/1541 a2017/h/1542 a2017/h/1543 a2017/h/1544 a2017/h/1545 a2017/h/1546 a2017/h/1547 a2017/h/1548 a2017/h/1549 a2017/h/1550 a2017/h/1551 a2017/h/1552 a2017/h/1553 a2017/h/1554 a2017/h/1555 a2017/h/1556 a2017/h/1557 a2017/h/1558 a2017/h/1559 a2017/h/1560 a2017/h/1561 a2017/h/1562 a2017/h/1563 a2017/h/1564 a2017/h/1565 a2017/h/1567 a2017/h/1568 a2017/h/1569 a2017/h/1570 a2017/h/1571 a2017/h/1572 a2017/h/1573 a2017/h/1574 a2017/h/1575 a2017/h/1576 a2017/h/1577 a2017/h/1578 a2017/h/1579 a2017/h/1580 a2017/h/1581 a2017/h/1582 a2017/h/1583 a2017/h/1584 a2017/h/1585 a2017/h/1586 a2017/h/1587 a2017/h/1588